[Event "EU-Cup 22nd"]
[Site "Fuegen"]
[Date "2006.10.13"]
[Round "6.1"]
[White "Van Wely, Loek"]
[Black "Agrest, Evgenij"]
[Result "1-0"]
[WhiteElo "2676"]
[BlackElo "2557"]
[Annotator "Van Wely,L"]
[PlyCount "75"]
[EventDate "2006.10.08"]
[EventType "team-swiss"]
[EventRounds "7"]
[EventCountry "AUT"]
[SourceTitle "CBM 115"]
[Source "ChessBase"]
[SourceDate "2006.11.15"]
[SourceVersion "1"]
[SourceVersionDate "2006.11.15"]
[SourceQuality "1"]
[WhiteTeam "Taldea Gros Xake"]
[BlackTeam "Sollentuna"]
[WhiteTeamCountry "ESP"]
[BlackTeamCountry "SWE"]

1. d4 d5 2. c4 c6 3. Nf3 Nf6 4. Nc3 e6 5. Bg5 dxc4 {Maybe Agrest wasn't aware
of the latest DVD releases? Especially the one on the Botvinnik and Moscow
variation? Or maybe he was, and saw that Qc7 wasn't covered, got curious and
suspicious at the same time? Or maybe he just felt the need to check this
risky and deeply analysed line against someone who had certainly also analysed
it deeply?  Vielleicht kannte Agrest nicht die letzten DVD-Neuerscheinungen?
Vor allem die über die Botwinnik- und die Moskauer Variante? Oder vielleicht
doch, und er hatte gesehen, dass Qc7 nicht behandelt worden war, was ihn
gleichzeitig neugierig und misstrauisch machte? Oder vielleicht verspürte er
einfach das Bedürfnis, diese riskante und tief analysierte Variante gegen
jemand zu überprüfen, der sie bestimmt ebenfalls tief analysiert hatte?} 6. e4
b5 7. e5 h6 8. Bh4 g5 9. Nxg5 hxg5 10. Bxg5 Nbd7 11. exf6 Bb7 12. g3 c5 13. d5
Qc7 14. Bg2 b4 15. d6 Qb6 16. Ne4 O-O-O 17. O-O Bd5 18. Qe2 Qc6 $6 (18... Ne5)
(18... Bxd6) 19. b3 Nb6 20. Bf4 {The safest choice, after spending almost an
hour here I couldn't get it worked out. Die sicherste Wahl; nachdem ich hier
fast eine Stunde verbraucht hatte, konnte ich es einfach nicht berechnen.} (20.
Rfc1 $2 c3 21. a3 Kb8 22. axb4 cxb4 23. Bf4 Bh6 $1 {and the rook on c1 proves
to be very unfortunate. und der Turm auf c1 erweist sich als äußerst
unglücklich.}) ({but aber} 20. a3 {felt like THE move and is indeed THE move.
fühlte sich an wie DER Zug, und es ist auch DER Zug.} cxb3 21. axb4 (21. Qa6+
Qb7) 21... c4 (21... Bc4 {I couldn't imagine grabbing the exchange and leaving
h1-a8 unprotected could possibly work.  Ich konnte mir nicht vorstellen, dass
das Einsacken der Qualität, wonach die Diagonale h1-a8 schutzlos zurückbleibt,
auch nur im Ansatz funktionieren könnte.} 22. Qd1 Bxf1 23. Qxf1 c4 24. Rxa7 Rd7
(24... Bxd6 25. Qa1 Qb5 26. Nc3 b2 27. Qa2 b1=Q+ 28. Qxb1 Qxb4 29. Qe4) 25. Nc5
) 22. Rxa7 Bxd6 23. b5 $1 {This one I like. Der gefällt mir.} (23. Nxd6+ Rxd6
24. Bxd5 Nxd5 (24... Rxd5 25. Bf4) (24... Qxd5 25. Bf4 Rd7 26. Ra5) 25. Rfa1
Rhd8 {might not be so clear. ist vielleicht nicht so klar.}) 23... Qxb5 24. Nc3
Qc6 25. Nxd5 exd5 26. Rxf7) 20... Bxd6 (20... c3 21. a3) 21. Bxd6 Bxe4 22. Bxe4
Qxd6 23. Rfd1 $2 {The wrong rook! Later it will become clear why. Anyway White
didn't need to keep the other rook on the a-file, the option of opening the
a-file is an illusion. Der falsche Turm! Später wird deutlich werden, warum.
Jedenfalls hätte Weiß den anderen Turm nicht auf der a-Linie behalten brauchen;
die Möglichkeit, die a-Linie zu öffnen, ist eine Illusion.} (23. Rad1 $1) (23.
bxc4 Qd4 24. Qf3 Nxc4 25. Ba8 Rd7 26. Rfd1 Nd2 27. Qc6+ Kb8) 23... Qc7 24. bxc4
Na4 25. Qe3 $6 (25. Rxd8+ $1 Qxd8 26. Bg2 Qxf6 27. Re1 Nc3 28. Qe3 Rh5 29. g4
$1) (25. Bg2 {after this natural move, it becomes clear why the other rook had
to be taken. Nach diesem natürlichen Zug wird klar, warum der andere Turm
genommen werden musste:} Rxd1+ $1 26. Qxd1 Qe5 $1) 25... Rxd1+ 26. Rxd1 Nc3 27.
Re1 (27. Rd2 {in the game I was afraid of In der Parte hatte ich Angst vor} Rd8
{, doch nach} {but after} 28. Rxd8+ Kxd8 29. Qh6 $1 Qd6 30. Bg6 $1 {White is
winning, but it wasn't easy to see. gewinnt Weiß; dies war allerdings nicht
leicht zu sehen.}) 27... Nxa2 28. Bg2 Qb6 (28... Nc3 29. Qf3 (29. h4) 29... Rd8
30. h4 a5 31. h5 a4 32. h6 a3 33. h7 Qa7 34. Qh5 {and White is just a bit too
fast. und Weiß ist einfach ein bisschen zu schnell.}) 29. h4 Nc3 30. g4 $1 a5 (
30... Rxh4 31. Qg5 Rh8 32. Qg7 Rd8 33. Qxf7 b3 34. Rxe6 Qc7 35. Re7 (35. Rc6
Rd1+) 35... Rd1+ 36. Bf1 Ne2+ 37. Kg2 Qc6+ 38. f3 Nf4+ 39. Kg3 b2 40. Re8+ Rd8
41. Rxd8+ Kxd8 42. Qe7+ Kc8 43. f7) 31. g5 $1 a4 32. Qf3 Rg8 $2 33. Qa8+ Qb8
34. Qa6+ Kd8 35. Re3 Rg6 36. Qc6 Qf4 37. Rd3+ Nd5 38. cxd5 1-0

[Event "Imre Konig Memorial 1st"]
[Site "San Francisco"]
[Date "2002.09.15"]
[Round "9"]
[White "Yermolinsky, Alex"]
[Black "Atalik, Suat"]
[Result "1/2-1/2"]
[WhiteElo "2592"]
[BlackElo "2551"]
[Annotator "Yermolinsky/Atalik"]
[PlyCount "81"]
[EventDate "2002.09.04"]
[EventType "tourn"]
[EventRounds "9"]
[EventCountry "USA"]
[EventCategory "12"]
[SourceTitle "CBM 092"]
[Source "ChessBase"]
[SourceDate "2003.02.06"]
[SourceVersion "1"]
[SourceVersionDate "2003.02.06"]
[SourceQuality "1"]

1. d4 {Lutz} e6 2. c4 d5 3. Nc3 c6 4. Nf3 Nf6 5. Bg5 h6 6. Bh4 dxc4 7. e4 b5 $6
8. e5 g5 9. Nxg5 hxg5 10. Bxg5 Nbd7 {All book so far but here White spent alot
of time choosing between the text} 11. exf6 ({and} 11. g3 {Yermo was concerned
with} Rg8 12. h4 Rxg5 13. hxg5 Nd5 {which is another topical line.}) 11... Qa5
{'?!' Lutz. As usual in the games between the players who know each other well,
their opening choices are often influenced by the element of surprise.  Lutz:
'Die Aufstellung mit ...Qa5 und ...Ba6 wird wesentlich seltener gespielt als
die Hauptvariante mit ...Bb7 und ...Qb6.'} ({Certainly} 11... Bb7 12. g3 c5 13.
d5 Bh6 {is theoretically more sound, but who knows what surprises may wait for
you there.}) 12. g3 Ba6 13. Qf3 {Again played after a long think.} ({The
alternative} 13. a3 {leads to a sharp battle:} O-O-O 14. Bg2 Nc5 15. O-O Nb3
16. Qf3 Bb7 17. Rad1 b4 $1 $13 {as in the famous game Beliavsky-Novikov,
Leningrad 1990.}) 13... b4 {Transposing to the main line.} ({The risky attempt,
} 13... Rc8 {met with a severe rebuff:} 14. Be2 b4 15. Ne4 c5 16. d5 exd5 17.
Qf5 $1 $40 {in Kramnik-Ehlvest,Riga 1995.}) 14. Ne4 Qd5 (14... O-O-O {Lutz} 15.
b3 (15. Be2 {Lutz} Bb7 (15... Qd5 {Lutz} 16. O-O c5 17. dxc5 Nxc5 18. Nxc5 Bxc5
19. Rfd1 Qxg5 20. Qc6+ Kb8 21. Rxd8+ Rxd8 22. Qxa6 Qxf6 23. Rf1 c3 24. bxc3
Qxc3 25. Kg2 Bb6 26. Bf3 $36 {1-0 Hansen,C-Murshed,N/Yerevan 1996/EXT 97/
[Chekhov] (40)}) (15... Nb6 {Lutz} 16. Be3 Bb7 17. O-O c5 18. dxc5 Na4 19. Bxc4
Nxb2 20. c6 Bxc6 21. Rac1 Kb7 22. Bxe6 fxe6 23. Rxc6 Kxc6 24. Rc1+ Kd7 25. f7
$16 {Magerramov,E-Oll,L/Klaipeda/1988/1|0/29/}) 16. O-O Qd5 17. Be3 c5 18. Nd2
Nxf6 19. dxc5 c3 20. bxc3 bxc3 21. c6 Qxc6 22. Rac1 Nd5 23. Bd4 Ba3 24. Ne4 Bb2
25. Nxc3 Nf4 26. Nb5 Bxc1 27. Nxa7+ Kd7 28. Nxc6 Bxc6 29. Bb5 Bxb5 30. Qb7+ Kd6
31. Qxb5 Rh5 32. Qb6+ Ke7 33. Bf6+ {1-0 Mikhalevski,V-Pedersen,N/Aarhus 1997/
EXT 99 (33)}) 15... cxb3 16. Bxa6+ Qxa6 17. Qxb3 Qb5 18. Rc1 Nb6 19. Be3 a5 20.
Qc2 Kb7 21. Qe2 $16 {1-0 Kasparov,G-Miles,A/Basel 1986/MCL (28)}) 15. Be3 (15.
Rd1 {Lutz} O-O-O 16. b3 Nb6 17. bxc4 Nxc4 18. Be2 Bb5 19. O-O Na3 20. Bf4 Kb7
21. Rd2 a5 22. Rc1 Bxe2 23. Qxe2 Qh5 24. f3 Qb5 25. Qf2 Rh5 26. Be5 Nc4 27.
Rdc2 Nxe5 28. dxe5 Rxe5 29. Rxc6 Rd7 30. Qc2 Red5 31. Kg2 a4 32. h4 b3 33. axb3
axb3 {(...) 1-0 Karolyi,T-Wells,P/HUN 1999/EXT 2000 (33)}) 15... c5 16. Rd1 Rd8
{Up to this point the players followed the existing theory. The time spent 
(White had 20 minutes left and Black about 50 minutes) may be misleading. It
reflects their decision making process rather than a lack of knowledge.} (16...
O-O-O $2 {looks automatic but the king would come under fire quickly, and the
f7 pawn might be attacked. For example} 17. Bg2 (17. b3 $2 {Lutz} Nxf6 18. Ng5
Qxf3 19. Nxf3 Bb7 20. Bg2 c3 21. Bg5 Bg7 22. dxc5 Rxd1+ 23. Kxd1 Ng4 24. Ke1 c2
25. h3 Rd8 {0-1 Khenkin,I-Pedersen,S/Lichtenstein 1997/EXT 99 (25)}) 17... c3
18. bxc3 Qxa2 19. Ng5 $18 {and white is already winning.}) 17. Bg2 $1 $146 {
The first independent move and it is a powerful novelty!  Lutz: 'Ein neuer Zug,
aber vielleicht ist 17.b3 einfach besser.'} (17. b3 Bb7 18. Bg2 c3 (18... cxb3
{Lutz} 19. axb3 Ba6 (19... Qxb3 $5 {Lutz}) 20. Nxc5 Qxf3 21. Bxf3 Bxc5 22. dxc5
Ne5 23. Rxd8+ Kxd8 24. Be4 $18 {1-0 Komarov,D-Abdulla,A/Calcutta 2001/CBM 82/
[Lutz] (24)}) 19. dxc5 (19. Qe2 Qf5) 19... Ne5 20. Qe2 Qxd1+ 21. Qxd1 Rxd1+ 22.
Kxd1 Ng4 $11 {would lead to some opposite- color bishop ending which is always
hard to win.}) 17... c3 $1 {To survive in the Botvinnik Black must play as
active as possible.} 18. Nxc5 Qxf3 19. Bxf3 Bxc5 20. dxc5 Ne5 21. Be4 $1 $16 {
It was easy to fall for a diabolical trap:} (21. Rxd8+ Kxd8 22. Be2 Rxh2 $3 {
and if} 23. Rxh2 {then} cxb2 {and the pawn queens.}) 21... Bd3 {This may fall
short of equalizing, but nevertheless, it's the best move.} 22. Bxd3 Nxd3+ 23.
Ke2 {With more time on the clock White would have considered} ({the obvious
exchange sacrifice} 23. Rxd3 $1 Rxd3 24. Ke2 Rd5 25. bxc3 bxc3 26. h4 $18 {
which would have given him an undisputed edge.}) 23... Nxb2 24. Rxd8+ Kxd8 25.
h4 {Yermo thought he was clearly winning here, but Atalik showed his
inventiveness and his best fighting qualities.  Lutz: 'Weiß hat derzeit einen
Bauern mehr, aber die Stellung ist scharf, denn beide Seiten haben Freibauern.
Die schwarzen sind zwar weiter vorgerückt, aber Weiß hat den langschrittigen
Läufer, der beim Kampf auf zwei Flügeln dem kurzschrittigen Springer überlegen
ist. Es scheint mir, dass Weiß irgendwo in der Folge etwas verpasst hat, aber
ich kann nicht genau sagen wo.'} Kd7 26. h5 Kc6 27. g4 Nc4 28. g5 ({
Interesting was} 28. Bc1 $5 {, but it's hard to play a move like this when you
are down to the last couple of minutes.} Ne5 (28... Kxc5 29. g5) (28... a5 {
Lutz} 29. g5 Ne5 (29... a4 $2 {Lutz} 30. g6 fxg6 31. hxg6 Rxh1 32. f7 {und
Weiß kommt zuerst, z.B.} b3 33. axb3 axb3 34. f8=Q Rxc1 35. Qe8+ Kd5 36. Qd7+
Kxc5 37. Qe7+ Kc6 38. Qxe6+ Kb5 39. g7 $18) 30. f4 Nd7 $13 31. Be3) 29. g5 Nd7
30. Be3 a5 31. Rh4 e5 $14) 28... Nxe3 29. fxe3 a5 $1 {Atalik correctly avoids
exposing his king to the pawn promotion with check.} (29... Kxc5 30. g6 fxg6
31. hxg6 Rxh1 32. f7 c2 33. f8=Q+ $18) 30. Kd3 ({Now} 30. g6 $4 fxg6 31. hxg6
Rxh1 32. f7 c2 33. f8=Q c1=Q $19 34. Qd6+ Kb5 $19) {Here comes the most
incredible move of the tournament that prompted Chess Room Coordinated Steve
Brandwein to award this game with the brilliancy prize.} 30... Kb5 $3 31. Rh4
$2 (31. c6 Kxc6 (31... Rd8+ 32. Kc2) 32. g6 fxg6 33. hxg6 Rxh1 34. f7 Rd1+ 35.
Kc2 Rd2+ 36. Kc1 Rf2 37. g7 Rxf7 38. g8=Q Rf1+ 39. Kc2 Rf2+ 40. Kd3 Rd2+ 41.
Ke4 c2 $16 {White is better but it is not clear if he can win.}) ({The
consequences of} 31. h6 {are absolutely unclear:} Kxc5 32. Rf1 Kd5 33. g6 Rxh6
34. g7 Rg6 35. Rh1 Rg2 36. Rh2 Rxh2 37. e4+ Ke5 38. g8=Q Rh3+ 39. Kc2 Rh2+ 40.
Kb3 Rb2+ 41. Kc4 Kxf6 42. a3 Rb1 $16) 31... e5 $1 {That's three great moves in
a row! Yermo left himself with mere seconds (thanks for the increment!) before
accepting a drawish line.  Lutz: 'Nun versickert die Partie ins Unentschieden,
da Schwarz über Gegenspiel mittels ...Rd8+ verfügt.'} 32. g6 (32. c6 {Lutz}
Rd8+ (32... Kxc6 {Lutz} 33. g6 fxg6 34. hxg6 Rd8+ 35. Kc2 Rd2+ 36. Kc1 Rxa2 37.
g7 b3 38. Rc4+ $18) 33. Kc2 Rd2+ 34. Kb1 (34. Kc1 $2 {Lutz} Rxa2 35. c7 b3 36.
Kd1 Rd2+ 37. Ke1 b2 $19) 34... Rd1+ 35. Kc2 Rd2+ $11) 32... fxg6 $2 (32... Rd8+
{After the game we discovered that black could play} 33. Rd4 exd4 34. exd4 a4
35. g7 a3 36. Kc2 (36. h6 b3 37. h7 b2 38. Kc2 Rxd4 39. g8=Q Rd2+ 40. Kxc3
b1=N+ 41. Kb3 Rb2#) 36... Re8 37. h6 Kc4 $1 (37... Re2+ $2 38. Kd3 Rd2+ 39. Ke3
Rg2 40. Kf3 c2 41. Kxg2 c1=Q 42. g8=Q Qd2+ 43. Kg3 Qe3+ 44. Kg2 (44. Kh4 Qxd4+
45. Kh3 Qe3+ $11) 44... Qd2+ $11) 38. h7 Re2+ $19) 33. hxg6 Rd8+ 34. Rd4 $1 (
34. Kc2 $2 Rd2+ 35. Kc1 Rxa2 $1 $19 {with 36...b3 to follow.}) 34... exd4 35.
exd4 ({The wild winning attempt} 35. e4 $2 {is nearly refuted by} Rh8 (35... a4
$1 36. f7 b3 37. axb3 axb3 38. g7 b2 $19) 36. g7 Rh2 37. e5 Rd2+ 38. Ke4 c2 39.
g8=Q c1=Q 40. Qe8+ Kc4 41. Qe6+ Kb5 (41... Kc3 42. Qb3#) 42. Qd7+ $11) 35...
Rxd4+ {Finally the smoke clears and it is going to be a draw.} 36. Kxd4 c2 37.
f7 c1=Q 38. f8=Q Qg1+ 39. Kd5 Qg5+ 40. Kd4 Qg1+ {The players were happy to get
out of time trouble,this difficult game and the tournament as well.} 41. Kd5
$11 1/2-1/2

[Event "Guben op 14th"]
[Site "Guben"]
[Date "2011.01.03"]
[Round "3"]
[White "Zakhartsov, Viacheslav V"]
[Black "Michalczak, Thomas"]
[Result "1/2-1/2"]
[WhiteElo "2602"]
[BlackElo "2370"]
[Annotator "Zakhartsov,Vi"]
[PlyCount "77"]
[EventDate "2011.01.02"]
[EventType "swiss"]
[EventRounds "9"]
[EventCountry "GER"]
[SourceTitle "CBM 140"]
[Source "ChessBase"]
[SourceDate "2011.01.18"]
[SourceVersion "1"]
[SourceVersionDate "2011.01.18"]
[SourceQuality "1"]

1. d4 d5 2. c4 c6 3. Nf3 Nf6 4. Nc3 e6 5. Bg5 dxc4 {I was rather surprised by
the Botvinnik variation. Usually Thomas has chosen the Cambridge Springs.} (
5... Nbd7) 6. e4 b5 7. e5 h6 8. Bh4 g5 9. Nxg5 hxg5 10. Bxg5 Nbd7 11. g3 Bb7
12. Bg2 Qb6 13. exf6 O-O-O 14. O-O c5 15. d5 b4 16. Na4 Qb5 17. a3 exd5 18.
axb4 cxb4 19. Bf4 Bh6 {Probably he has prepared this novelty. But this move
shouldn't change the estimation of this variation as difficult for Black.
Earlier in my practice appeared:} (19... Nc5 20. Nxc5 Bxc5 21. Re1 Rde8 22.
Qg4+ Qd7 23. Rxe8+ Rxe8 24. Qh5 Bd4 25. Bh3 Re6 26. Qh8+ Qd8 27. Qg7 Qxf6 28.
Bxe6+ {1-0, Zakhartsov - Petr, Stare Mesto 2009}) 20. Qd2 {The most simple.
Probably.} (20. Bd6 Bf8 (20... Nxf6 {?} 21. Bh3+ Nd7 22. Nc5) 21. Be7 Re8 22.
Qd4 {was stronger.}) 20... Bxf4 21. Qxf4 Nc5 {Now White obtains a big
advantage.} ({I had expected} 21... Qc6 22. b3 Qxf6 (22... Qc7 23. Qd4 Kb8 24.
Rfe1 (24. Bxd5 $4 Ne5)) 23. Qxf6 Nxf6 24. Nc5 c3 25. Rxa7 Bc6 26. h4 {with
initiative}) (21... Rhe8 $5 22. Bh3 Qc6 {deserved attention.}) 22. Nxc5 Qxc5
23. Rfe1 Rd7 (23... Qd6 24. Qf5+ Qd7 25. Qg5 Rhg8 26. Qh4 Rh8 27. Qd4 {with
threats Re7 and Rxa7.}) 24. Re5 {Preventing ...d4 and preparing Rae1. However,
I have had a more forcing continuation:} (24. h4 $1 d4 (24... Rc7 25. Bh3+ Kb8
26. Re7) 25. Bh3 Qc6 26. Bxd7+ Qxd7 27. Re7 Qc6 28. f3 c3 29. Qg4+ Kb8 30. Qxd4
{, and White wins.}) 24... Bc6 25. h4 {Overlooking the strong move} (25. Bh3 $1
Rxh3 (25... Rhd8 26. Bxd7+ Bxd7 27. Re7) 26. Re8+ Rd8 27. Rxd8+ Kxd8 28. Qb8+
Kd7 29. Rxa7+ Ke6 30. Qc8+ Kxf6 31. Rc7 {, and White wins.}) 25... a5 {An
unexpected exchange sacrifice.} ({Better was} 25... Kb7 26. Bh3 Rc7 27. Rae1
Kb6 28. h5) 26. Bh3 a4 (26... Rhd8 27. h5) 27. Rae1 $2 {Missing the most
simple win} (27. Bxd7+ Bxd7 28. Rd1 Be6 29. Rdxd5 Bxd5 (29... Qxd5 30. Rxd5
Bxd5 31. Qd6 Be6 32. Qxb4) 30. Qf5+ Kb8 31. Rxd5 {That day I was definitely
not in my best shape.}) 27... a3 28. bxa3 b3 29. Re8+ Rxe8 30. Rxe8+ Kb7 31.
Qb8+ $2 {Finally missing the victory.} (31. Rb8+ Ka7 32. Bxd7 Bxd7 33. h5 c3 (
33... Bb5 34. a4 b2 35. Rxb5 Qxb5 36. axb5 b1=Q+ 37. Kg2 Qxb5 38. h6) 34. Rxb3
Ka6 (34... c2 {?} 35. Qb8+ Ka6 36. Qb7+ Ka5 37. Qa8+ Qa7 38. Qxa7#) 35. Qb8 (
35. h6 c2 36. Qc1 Bf5 37. g4 Bh7 {or}) (35. Rb1 c2 36. Rc1 d4 37. Qf3 Bf5 {
would be not so clear}) 35... Qc6 36. Qe5 c2 37. Qe2+ Ka7 (37... Ka5 38. Qd2+
Ka6 39. Rc3) 38. Qe3+ d4 (38... Ka6 39. Rc3) 39. Qxd4+ Ka8 40. Rc3 c1=Q+ 41.
Rxc1 Qxc1+ 42. Kh2 Bc6 43. g4 {would give good winning chances.}) 31... Ka6 32.
Bxd7 Bxd7 33. Re1 (33. Re7 Bc6 34. Rxf7 {should be a draw:} Qb6 35. Qc8+ Ka5
36. Re7 b2 37. Re1 b1=Q 38. Rxb1 Qxb1+ 39. Kh2 Qf1 40. Qc7+ Kb5 41. a4+ Kb4 42.
Qb6+ Kc3) 33... Bc6 34. h5 d4 {Due to the threats ...Qd5 and ...Qh5 White
should force the draw.} 35. Re5 Qxa3 36. Qc8+ Kb6 37. Qd8+ Ka6 38. Qc8+ Kb6 39.
Qd8+ 1/2-1/2

[Event "Yuzhny FO-ch op"]
[Site "Armavir"]
[Date "2010.03.24"]
[Round "5"]
[White "Zakhartsov, Viacheslav V"]
[Black "Papin, Vasily"]
[Result "1-0"]
[WhiteElo "2576"]
[BlackElo "2532"]
[Annotator "Zakhartsov,Vi"]
[PlyCount "81"]
[EventDate "2010.03.??"]
[EventType "swiss"]
[EventRounds "9"]
[EventCountry "RUS"]
[SourceTitle "CBM 135 Extra"]
[Source "ChessBase"]
[SourceDate "2010.05.04"]
[SourceVersion "1"]
[SourceVersionDate "2010.05.04"]
[SourceQuality "1"]

1. d4 d5 2. Nf3 Nf6 3. c4 e6 4. Nc3 c6 5. Bg5 dxc4 6. e4 b5 7. e5 h6 8. Bh4 g5
9. Nxg5 hxg5 10. Bxg5 Nbd7 11. g3 Bb7 12. Bg2 Qb6 13. exf6 c5 14. d5 O-O-O 15.
O-O b4 16. Na4 Qa6 ({Earlier Vasily has played} 16... Qb5 17. a3 Nb8 18. axb4
cxb4 19. Qd4 Nc6 20. dxc6 Rxd4 21. cxb7+ Kb8 22. Be3 e5 23. b3 c3 24. Rfd1 Bh6
25. Bxd4 exd4 26. Rxd4 c2 27. Rc4 c1=Q+ 28. Raxc1 Bxc1 29. Rxc1 Rd8 30. h4 Qf5
31. Rc6 Qb1+ 32. Kh2 Qf5 33. Nc5 a5 34. Ra6 Kc7 35. Ra8 {1-0 Zhou
Jianchao-Papin, Moscow (Aeroflot open) 2010}) 17. a3 Bxd5 18. Bxd5 Ne5 19. axb4
Rxd5 20. Qe2 cxb4 21. Nc3 Ra5 22. Rxa5 Qxa5 23. Ne4 Nd3 24. Be3 Qh5 {The
strongest continuation. The other options} (24... Rh5 25. Bxa7 Rd5 26. Be3 Qa2
27. Qg4 {(Beliavsky-Atalik, Vrnjacka Banja 1999), or}) (24... Qd5 25. Ng5 e5
26. Ra1 a5 27. Qg4+ {(Sakaev-Abreu, Erevan 2001) are less attractive for Black.
}) 25. f3 a5 26. b3 a4 (26... cxb3 $2 27. Rc1+ $1 Nxc1 28. Qa6+ Kc7 29. Bb6+
Kc6 30. Ba7+ Kc7 31. Qb6+ {, mating}) 27. h4 $1 (27. bxc4 Nc5 28. Ng5 Bd6 29.
Qg2 b3 30. f4 Kc7 31. g4 Qg6 32. Qd2 Rb8 33. Rd1 Rb6 34. Kg2 Qc2 {gave decent
counterchances to Black due to his 2 passed pawns, Atakisi-Sakai, cr 2002.})
27... Qe5 (27... axb3 28. Bg5 Qg6 29. Rc1 b2 30. Rxc4+ Bc5+ 31. Rxc5+ (31. Nxc5
b1=Q+ 32. Kh2 Nxc5 33. Rxc5+ Kd8 34. Qc4 Qb2+ 35. Kh3 Qc3 36. Rc8+ Kd7 37. Rc7+
{1/2-1/2 Ziaur Rahman-Gaston, Paris 2002}) 31... Nxc5 32. Qc2 b1=Q+ 33. Qxb1
Nxe4 34. fxe4 b3 35. Bf4 Qh5 36. Qxb3 Qc5+ 37. Kg2 {with better chances for
White in A.Kovacevic-Simmelink, cr 2006. Probably, this option is the most
tenacious one for Black.}) (27... Qf5 28. bxc4 Nc5 29. Bxc5 Bxc5+ 30. Kg2 Qe5 (
30... Rd8 31. Qc2 b3 32. Qc3 {, threatening Qa5}) 31. Rd1 {with White's
advantage.}) 28. bxc4 Nc5 29. Kg2 $1 Nxe4 (29... Rg8 30. Bxc5 Bxc5 31. Rd1 {
with White's advantage, Daus-Moreno Carretero, cr 2007}) 30. Bf4 Qd4 31. c5 $1
{Otherwise Black is doing fine after} (31. fxe4 Bc5 32. Rd1 Qxf6 {, and White
should equalise by} 33. Bd6 Bxd6 34. Rxd6 Rd8 35. c5) 31... e5 (31... Nxc5 32.
Rd1 Qxf6 (32... Qc3 {?} 33. Qb5) 33. Be5 Qf5 34. Bxh8 {with a big advantage.})
32. Be3 Qd5 33. Rd1 {Deciding to return the piece. However,} (33. Qa6+ $1 {
was even stronger:} Kc7 (33... Qb7 34. Qxa4 Bxc5 (34... Nxc5 35. Bxc5 Bxc5 36.
Rc1 Qd5 37. Qxb4) (34... Nxf6 35. c6 Qb8 36. Qa6+ Kc7 37. Ba7 {is also
hopeless for Black}) 35. Bxc5 Nc3 (35... Nxc5 36. Rc1 Qb6 37. Qa8+ {, winning})
36. Qxb4 Qxb4 37. Bxb4 {with a winning advantage}) 34. Qb6+ Kd7 35. fxe4 Qxe4+
36. Kf2 {with a decisive attack.}) 33... Qc6 (33... Nc3 $2 34. Qa6+ Qb7 35.
Rd8+ {winning the queen.}) 34. fxe4 Qxe4+ (34... b3 {was more tenacious,
although after the most precise} 35. Kh2 $1 (35. Qc4 b2 36. Qb4 a3 {is not so
clear}) 35... Kc7 (35... a3 36. Qd3) 36. Qc4 {White should be winning.}) 35.
Kh2 Kc7 (35... Bh6 {was strongly met by} 36. c6 $1 Qxc6 37. Rc1 Qxc1 38. Bxc1
Bxc1 39. Qc4+ {winning.}) (35... Qc6 {was also hopeless:} 36. Qg4+ Kc7 37. Qxb4
{transposing to the game.}) 36. Qd2 Qc6 (36... Rxh4+ 37. gxh4 Qxh4+ 38. Kg2
Qg4+ 39. Kf1 Qh3+ 40. Ke1 Qh1+ 41. Ke2 Qh5+ 42. Kd3 Qg6+ 43. Kc4 Qe4+ 44. Kb5
Qb7+ 45. Kxa4 Qa6+ 46. Kxb4 {winning.}) 37. Qxb4 {Black's position is
completely hopeless.} Qxf6 38. Qa5+ Kc8 39. Qa8+ Kc7 40. Qa7+ Kc8 41. Qd7+ 1-0